Statistiken für FC Schalke 04 - Bundesliga-Rekordtorschützen (Top 50)

Klicken Sie hier um das Quiz zu spielen!

Allgemein

  • Dieses Quiz wurde 105 mal gespielt
  • Das Durchschnittsergebnis liegt bei 16 aus 50

Antwortstatistiken

PlatzNameNationGeburtstagSpieleTore% Korrekt
2Klaas-Jan HuntelaarNiederlande12.08.198318484
93%
18RaúlSpanien27.06.19776628
87%
12Jefferson FarfánPeru26.10.198417039
82%
3Ebbe SandDänemark19.07.197221473
81%
1Klaus FischerDeutschland27.12.1949295182
78%
36Julian DraxlerDeutschland20.09.199311918
72%
4Kevin KuranyiDeutschland / Panama02.03.198216271
68%
23Guido BurgstallerÖsterreich29.04.19899524
67%
10Gerald AsamoahDeutschland03.10.197827944
61%
35Eric Maxim Choupo-MotingKamerun / Deutschland23.03.19898218
59%
19Emile MpenzaBelgien / DR Kongo04.07.19787928
57%
20Marc WilmotsBelgien22.02.196913827
55%
43Halil AltintopTürkei08.12.19829616
53%
39Max MeyerDeutschland18.09.199514617
50%
5Olaf ThonDeutschland01.05.196629552
50%
30LincolnBrasilien22.01.19798320
45%
38Daniel CaligiuriItalien / Deutschland15.01.198810817
40%
44AíltonBrasilien19.07.19732914
39%
7Ingo AnderbrüggeDeutschland02.01.196421646
36%
15Youri MulderNiederlande23.03.196917732
36%
40Joel MatipKamerun08.08.199119417
35%
48Marcelo BordonBrasilien / Italien07.01.197616814
35%
14Martin MaxDeutschland07.08.196810933
35%
41Andreas MüllerDeutschland13.12.196220117
32%
47Leon GoretzkaDeutschland06.02.199511614
32%
27Stan LibudaDeutschland10.10.194319021
28%
9Rüdiger AbramczikDeutschland18.02.195620244
27%
46Victor AgaliNigeria29.12.19785414
27%
25Jörg BöhmeDeutschland22.01.197410123
22%
6Erwin KremersDeutschland24.03.194921249
21%
8Helmut KremersDeutschland24.03.194922646
21%
49Radoslav LatalTschechien06.01.197018714
17%
17Rolf RüssmannDeutschland13.10.195030430
15%
11Klaus TäuberDeutschland17.01.19588839
11%
21Herbert LütkebohmertDeutschland24.03.194828627
6%
13Klaus ScheerDeutschland04.10.195016538
6%
34Peter SendscheidDeutschland28.09.19658018
6%
24Hannes BongartzDeutschland03.10.195113124
5%
26Günter HerrmannDeutschland01.09.193911022
4%
37Manfred KreuzDeutschland07.03.19368317
4%
28Frank HartmannDeutschland27.09.19605220
3%
31Gerhard NeuserDeutschland29.10.193814319
3%
33Klaus MatischakDeutschland24.10.19382218
3%
29Waldemar GerhardtDeutschland06.01.19395220
3%
16Hans-Jürgen WittkampDeutschland23.07.194710130
2%
50Jürgen SobierayDeutschland02.11.195021014
2%
22Manfred PohlschmidtDeutschland27.08.194010626
2%
45Nico BraunLuxemburg26.10.19503514
2%
32Ulrich BittcherDeutschland10.09.195716819
2%
42Willi KrausDeutschland01.05.19433616
1%

Verteilung der Resultate

Perzentil nach korrekt beantworteten Fragen

Anzahl Personen mit jedem Resultat

Ihre Resultats-Entwicklung

Sie haben dieses Quiz noch nicht gespielt